000 00705cam a2200193 i 4500
005 20251108174853.0
008 250721s2010 jo gr 000 0 ara d
082 1 4 _a128
_bح ج ا
100 1 _aحجازي، أحمد
_eمؤلف.
245 1 0 _aموعد مع المصير /
_bعالم خفي وحياة ثانية اثيرية يفنى الجسد والنفس.. :
_cد. احمد حجازي.
250 _aالطبعة الاولى.
264 3 1 _aعمان :
_bالأهلية للنشر والتوزيع،
_c2010.
300 _a256 صفحة.
650 1 7 _aالبشرية.
650 1 7 _aالحياة(فلسفة).
650 1 7 _aالروح.
942 _2ddc
_cBK
999 _c120229
_d120229